58_九州地方の市町村(ひらがな対応・五十音順) - Statistics

General Stats
  • This quiz has been taken 41 times
    37 since last reset
  • The average score is 159 of 274
Answer Stats
種類 都道府県名 市町村名 % Correct
鹿児島県 伊佐市
96%
長崎県 諫早市
96%
長崎県 壱岐市
91%
鹿児島県 鹿児島市
91%
福岡県 北九州市
91%
沖縄県 那覇市
91%
熊本県 阿蘇市
87%
熊本県 天草市
87%
福岡県 糸島市
87%
長崎県 雲仙市
87%
佐賀県 佐賀市
87%
福岡県 太宰府市
87%
長崎県 長崎市
87%
宮崎県 宮崎市
87%
佐賀県 伊万里市
83%
佐賀県 嬉野市
83%
大分県 大分市
83%
長崎県 大村市
83%
熊本県 球磨村
83%
熊本県 熊本市
83%
長崎県 佐世保市
83%
長崎県 対馬市
83%
沖縄県 東村
83%
宮崎県 日向市
83%
大分県 別府市
83%
鹿児島県 南さつま市
83%
長崎県 南島原市
83%
鹿児島県 姶良市
78%
鹿児島県 奄美市
78%
沖縄県 沖縄市
78%
熊本県 上天草市
78%
福岡県 久留米市
78%
長崎県 五島市
78%
長崎県 島原市
78%
長崎県 新上五島町
78%
熊本県 玉名市
78%
宮崎県 日南市
78%
福岡県 福岡市
78%
福岡県 赤村
74%
熊本県 荒尾市
74%
佐賀県 有田町
74%
沖縄県 糸満市
74%
鹿児島県 指宿市
74%
熊本県 宇城市
74%
熊本県 宇土市
74%
沖縄県 うるま市
74%
福岡県 大牟田市
74%
鹿児島県 霧島市
74%
鹿児島県 さつま町
74%
佐賀県 武雄市
74%
福岡県 飯塚市
70%
沖縄県 伊平屋村
70%
宮崎県 えびの市
70%
熊本県 嘉島町
70%
宮崎県 小林市
70%
鹿児島県 薩摩川内市
70%
鹿児島県 志布志市
70%
佐賀県 太良町
70%
福岡県 筑後市
70%
佐賀県 鳥栖市
70%
長崎県 波佐見町
70%
熊本県 水俣市
70%
鹿児島県 南九州市
70%
福岡県 宗像市
70%
鹿児島県 屋久島町
70%
福岡県 柳川市
70%
熊本県 苓北町
70%
沖縄県 石垣市
65%
鹿児島県 出水市
65%
沖縄県 伊是名村
65%
鹿児島県 いちき串木野市
65%
福岡県 うきは市
65%
大分県 臼杵市
65%
福岡県 大野城市
65%
佐賀県 小城市
65%
佐賀県 鹿島市
65%
佐賀県 唐津市
65%
佐賀県 神埼市
65%
大分県 杵築市
65%
沖縄県 宜野湾市
65%
福岡県 古賀市
65%
長崎県 西海市
65%
長崎県 佐々町
65%
宮崎県 高千穂町
65%
福岡県 筑紫野市
65%
鹿児島県 中種子町
65%
宮崎県 延岡市
65%
長崎県 東彼杵町
65%
熊本県 人吉市
65%
長崎県 平戸市
65%
大分県 豊後大野市
65%
大分県 豊後高田市
65%
熊本県 南阿蘇村
65%
鹿児島県 南種子町
65%
宮崎県 都城市
65%
福岡県 みやこ町
65%
熊本県 八代市
65%
大分県 由布市
65%
佐賀県 吉野ヶ里町
65%
熊本県 あさぎり町
61%
福岡県 朝倉市
61%
鹿児島県 天城町
61%
宮崎県 綾町
61%
大分県 宇佐市
61%
福岡県 宇美町
61%
沖縄県 大宜味村
61%
熊本県 大津町
61%
福岡県 春日市
61%
鹿児島県 鹿屋市
61%
福岡県 苅田町
61%
熊本県 菊陽町
61%
沖縄県 宜野座村
61%
大分県 国東市
61%
沖縄県 久米島町
61%
大分県 佐伯市
61%
宮崎県 西都市
61%
福岡県 田川市
61%
佐賀県 多久市
61%
沖縄県 竹富町
61%
沖縄県 北谷町
61%
沖縄県 名護市
61%
大分県 日田市
61%
大分県 姫島村
61%
福岡県 福津市
61%
福岡県 豊前市
61%
鹿児島県 枕崎市
61%
熊本県 益城町
61%
鹿児島県 南大隅町
61%
佐賀県 みやき町
61%
福岡県 みやま市
61%
福岡県 八女市
61%
福岡県 行橋市
61%
沖縄県 与那国町
61%
鹿児島県 阿久根市
57%
熊本県 芦北町
57%
福岡県 芦屋町
57%
福岡県 糸田町
57%
鹿児島県 宇検村
57%
熊本県 産山村
57%
沖縄県 浦添市
57%
長崎県 小値賀町
57%
沖縄県 恩納村
57%
福岡県 粕屋町
57%
熊本県 菊池市
57%
沖縄県 北大東村
57%
沖縄県 北中城村
57%
佐賀県 基山町
57%
熊本県 玉東町
57%
大分県 玖珠町
57%
沖縄県 国頭村
57%
熊本県 合志市
57%
佐賀県 江北町
57%
大分県 九重町
57%
宮崎県 高鍋町
57%
大分県 竹田市
57%
大分県 津久見市
57%
長崎県 時津町
57%
鹿児島県 徳之島町
57%
福岡県 中間市
57%
鹿児島県 西之表市
57%
鹿児島県 日置市
57%
大分県 日出町
57%
長崎県 松浦市
57%
熊本県 南小国町
57%
沖縄県 南大東村
57%
沖縄県 読谷村
57%
沖縄県 伊江村
52%
熊本県 五木村
52%
福岡県 大川市
52%
熊本県 小国町
52%
福岡県 小郡市
52%
沖縄県 嘉手納町
52%
福岡県 嘉麻市
52%
鹿児島県 肝付町
52%
沖縄県 金武町
52%
宮崎県 串間市
52%
福岡県 桂川町
52%
佐賀県 玄海町
52%
鹿児島県 曽於市
52%
福岡県 大刀洗町
52%
沖縄県 多良間村
52%
鹿児島県 垂水市
52%
福岡県 筑前町
52%
鹿児島県 十島村
52%
沖縄県 豊見城市
52%
沖縄県 中城村
52%
大分県 中津市
52%
沖縄県 西原町
52%
熊本県 西原村
52%
鹿児島県 東串良町
52%
福岡県 宮若市
52%
熊本県 山鹿市
52%
福岡県 大木町
48%
福岡県 岡垣町
48%
長崎県 川棚町
48%
福岡県 香春町
48%
鹿児島県 喜界町
48%
福岡県 志免町
48%
福岡県 新宮町
48%
熊本県 高森町
48%
福岡県 築上町
48%
熊本県 津奈木町
48%
宮崎県 都農町
48%
福岡県 東峰村
48%
沖縄県 渡名喜村
48%
鹿児島県 長島町
48%
長崎県 長与町
48%
沖縄県 今帰仁村
48%
沖縄県 南城市
48%
熊本県 錦町
48%
福岡県 直方市
48%
熊本県 氷川町
48%
鹿児島県 三島村
48%
福岡県 水巻町
48%
熊本県 山都町
48%
熊本県 湯前町
48%
鹿児島県 与論町
48%
沖縄県 粟国村
43%
福岡県 大任町
43%
福岡県 遠賀町
43%
福岡県 鞍手町
43%
熊本県 甲佐町
43%
福岡県 篠栗町
43%
宮崎県 椎葉村
43%
福岡県 須恵町
43%
鹿児島県 瀬戸内町
43%
福岡県 添田町
43%
沖縄県 渡嘉敷村
43%
宮崎県 西米良村
43%
沖縄県 南風原町
43%
沖縄県 宮古島市
43%
鹿児島県 大和村
43%
鹿児島県 和泊町
43%
佐賀県 大町町
39%
宮崎県 門川町
39%
佐賀県 上峰町
39%
福岡県 上毛町
39%
福岡県 小竹町
39%
佐賀県 白石町
39%
宮崎県 高原町
39%
鹿児島県 龍郷町
39%
福岡県 那珂川市
39%
熊本県 長洲町
39%
熊本県 南関町
39%
熊本県 美里町
39%
沖縄県 与那原町
39%
鹿児島県 伊仙町
35%
鹿児島県 大崎町
35%
福岡県 川崎町
35%
鹿児島県 錦江町
35%
宮崎県 五ヶ瀬町
35%
沖縄県 座間味村
35%
宮崎県 新富町
35%
熊本県 多良木町
35%
鹿児島県 知名町
35%
福岡県 久山町
35%
宮崎県 日之影町
35%
宮崎県 美郷町
35%
熊本県 水上村
35%
福岡県 吉富町
35%
宮崎県 川南町
30%
宮崎県 木城町
30%
宮崎県 国富町
30%
熊本県 相良村
30%
熊本県 和水町
30%
福岡県 福智町
30%
熊本県 御船町
30%
沖縄県 本部町
30%
鹿児島県 湧水町
30%
福岡県 広川町
26%
宮崎県 三股町
26%
宮崎県 諸塚村
26%
沖縄県 八重瀬町
26%
熊本県 山江村
13%
No matching quizzes found
Score Distribution
Percent of People with Each Score
Percentile by Number Answered
Your Score History
You have not taken this quiz since the last reset